000 00703nam a2200241 a 4500
001 36514
003 BD-RjUL
005 20211209052510.0
008 140624s1950 ii b 001 0 eng d
035 _a(BD-RjUL)36614
040 _aANL
_beng
_cANL
_dBD-RjUL
041 _aeng
082 0 4 _a320
_bGEP 1950
100 1 _aGettell, Raymond Garfield,
_d1881-
_9109955
245 1 0 _aPolitical science /
_cRaymond Garfield Gettell.
260 _aCalcutta :
_bWorld Press Print ltd.,
_c1950.
300 _aviii, 506 p.
_c21 cm.
504 _aIncludes bibliographical references and index.
650 0 _aPolitical science.
_9111169
942 _2ddc
_cBK
_01
999 _c36514
_d36514